Výchova ke kritickému myšlení

Kvalita informácií a jej hodnotenie. Informačná gramotnosť. Kritické myslenie. Výchova ku kritickému mysleniu. Kritické čítanie a kritické písanie ako podpora výchovy ku kritickému mysleniu. Súhrn potrebných schopností.

Enregistré dans:
Détails bibliographiques
Auteur principal: Švarcová, Eva
Format: Chapitre de livre
Langue:tchèque
Sujets:
Tags: Ajouter un tag
Pas de tags, Soyez le premier à ajouter un tag!

MARC

LEADER 00000nla$a2200000$$$4500
001 0125156
005 20221207082139.2
041 0 |a cze 
044 |a CZ 
245 1 0 |a Výchova ke kritickému myšlení  |c Eva Švarcová 
520 |a Kvalita informácií a jej hodnotenie. Informačná gramotnosť. Kritické myslenie. Výchova ku kritickému mysleniu. Kritické čítanie a kritické písanie ako podpora výchovy ku kritickému mysleniu. Súhrn potrebných schopností. 
610 2 0 |a výchova 
610 2 0 |a vzdelávanie 
610 2 0 |a informácie 
610 2 0 |a gramotnosť informačná 
610 2 0 |a myslenie kritické 
100 1 |a Švarcová, Eva